000 00717cab a2200241 4500
001 WB3346-45
008 090401t1997 xxu||||| |||| 00| 0 eng d
035 _a(Sirsi) u82403
041 _aeng
245 _a`Green` tax on fertiliser
260 _c1997
350 _a0
490 _aDaily Telegraph
_v28 November 1997, 13(1)
520 _aGovernment plans to tax pesticides and fertilisers are not expected to be popular with farmers who have previously been exempt from the principle that the polluter pays.
650 _aFARMERS
650 _aFERTILISER
650 _aGREEN TAX
650 _aPESTICIDES
650 _aWATER POLLUTION
690 _aRURAL PRACTICE
942 _n0
948 _c28/11/1997
999 _c52023
_d52023